01068nam0a22002171 4500001001000000005001700010035002600027100004100053101000800094102000700102105001800109200044300127210004200570215002100612320002900633700006200662701006800724801001800792801002200810852001800832rc\62985320250621191128.0 a(NLR Aleph) 005872071 a20031121d1986 |||y0rusy50 ca0 arus aRU aa |||||||||1 aМетодические рекомендации по построению и анализу карт температуры воды на основе комплексного использования спутниковой и судовой информацииfГос. ком. СССР по гидрометеорологии и контролю природ. среды, Гидрометеорол. н.-и. центр СССР aМ.cГидрометцентрd1986 a7 с.cил.d20 aБиблиогр.: с. 7 1aМакаровbС.С.gСергей Сергеевич 1aВасильевbК.П.gКонстантин Петрович 0aRUbNLRgpsbo 1aRUbELAR2rusmarc aNLRj87-7/946